|
|
|
|
| LEADER |
00000cam a22000004a 4500 |
| 001 |
musev2_44985 |
| 003 |
MdBmJHUP |
| 005 |
20230905044715.0 |
| 006 |
m o d |
| 007 |
cr||||||||nn|n |
| 008 |
151020s2016 miu o 00 0 eng d |
| 010 |
|
|
|z 2020749638
|
| 020 |
|
|
|a 9780472121618
|
| 020 |
|
|
|z 9780472119745
|
| 035 |
|
|
|a (OCoLC)944376219
|
| 040 |
|
|
|a MdBmJHUP
|c MdBmJHUP
|
| 100 |
1 |
|
|a Davidson-Schmich, Louise K.,
|d 1968-
|
| 245 |
1 |
0 |
|a Gender Quotas and Democratic Participation :
|b Recruiting Candidates for Elective Offices in Germany /
|c Louise K. Davidson-Schmich.
|
| 264 |
|
1 |
|a Ann Arbor :
|b University of Michigan Press,
|c [2016]
|
| 264 |
|
3 |
|a Baltimore, Md. :
|b Project MUSE,
|c 2016
|
| 264 |
|
4 |
|c ©[2016]
|
| 300 |
|
|
|a 1 online resource (320 pages).
|
| 336 |
|
|
|a text
|b txt
|2 rdacontent
|
| 337 |
|
|
|a computer
|b c
|2 rdamedia
|
| 338 |
|
|
|a online resource
|b cr
|2 rdacarrier
|
| 490 |
0 |
|
|a New comparative politics
|
| 505 |
0 |
|
|a Political recruitment in Germany -- Eligibles -- Aspirants -- Gatekeepers -- Candidates and elected officials -- Conclusion: a glass half full -- Appendix A: translation of survey and descriptive statistics -- Appendix B: list of interviews.
|
| 588 |
|
|
|a Description based on print version record.
|
| 650 |
|
7 |
|a Political participation.
|2 fast
|0 (OCoLC)fst01069386
|
| 650 |
|
7 |
|a SOCIAL SCIENCE
|x Gender Studies.
|2 bisacsh
|
| 650 |
|
7 |
|a POLITICAL SCIENCE
|x Political Process
|x General.
|2 bisacsh
|
| 650 |
|
7 |
|a POLITICAL SCIENCE
|x Political Process
|x Elections.
|2 bisacsh
|
| 650 |
|
6 |
|a Femmes fonctionnaires
|x Recrutement
|z Allemagne.
|
| 650 |
|
6 |
|a Participation politique
|z Allemagne.
|
| 650 |
|
0 |
|a Women public officers
|x Recruiting
|z Germany.
|
| 650 |
|
0 |
|a Political participation
|z Germany.
|
| 651 |
|
7 |
|a Germany.
|2 fast
|0 (OCoLC)fst01210272
|
| 655 |
|
7 |
|a Electronic books.
|2 local
|
| 710 |
2 |
|
|a Project Muse.
|e distributor
|
| 830 |
|
0 |
|a Book collections on Project MUSE.
|
| 856 |
4 |
0 |
|z Texto completo
|u https://projectmuse.uam.elogim.com/book/44985/
|
| 945 |
|
|
|a Project MUSE - Custom Collection
|
| 945 |
|
|
|a Project MUSE - 2016 Complete
|
| 945 |
|
|
|a Project MUSE - 2016 Political Science and Policy Studies
|